National Assembly Library of Thailand

การวิจัยและพัฒนาการขยายโอกาสอุตสาหกรรมโรงแรมไทย / (ระเบียนเลขที่ 69366)

รายละเอียดในรูปแบบ MARC
000 -LEADER
fixed length control field 00896nam a22001817a 4500
005 - DATE AND TIME OF LATEST TRANSACTION
control field 20210325211635.0
008 - FIXED-LENGTH DATA ELEMENTS--GENERAL INFORMATION
fixed length control field s2555 th ||||| |||| 00| 0 tha d
040 ## - CATALOGING SOURCE
Original cataloging agency NALT
050 ## - LIBRARY OF CONGRESS CALL NUMBER
Classification number TX 911
Item number พ877ก 2555
100 0# - MAIN ENTRY--PERSONAL NAME
Personal name เพชรรัตน์ วิริยะสืบพงศ์
9 (RLIN) 44952
245 10 - TITLE STATEMENT
Title การวิจัยและพัฒนาการขยายโอกาสอุตสาหกรรมโรงแรมไทย /
Statement of responsibility, etc. เพชรรัตน์ วิริยะสืบพงศ์.
260 ## - PUBLICATION, DISTRIBUTION, ETC.
Place of publication, distribution, etc. ชลบุรี :
Name of publisher, distributor, etc. มหาวิทยาลัยบูรพา,
Date of publication, distribution, etc. 2555.
300 ## - PHYSICAL DESCRIPTION
Extent 97 หน้า :
Other physical details ตาราง ;
Dimensions 29 ซม.
650 #4 - SUBJECT ADDED ENTRY--TOPICAL TERM
Topical term or geographic name entry element อุตสาหกรรมโรงแรม
9 (RLIN) 44953
Geographic subdivision ไทย
850 ## - HOLDING INSTITUTION
Holding institution NALT
942 ## - ADDED ENTRY ELEMENTS (KOHA)
Koha item type Research/Thesis
Source of classification or shelving scheme Library of Congress Classification
รายการที่มีในห้องสมุด
Withdrawn status Lost status Source of classification or shelving scheme Damaged status Not for loan Collection code Home library Current library Source of acquisition Total Checkouts Full call number Barcode Date last seen Price effective from Koha item type
    Library of Congress Classification     Research & Theses collection National Assembly Library of Thailand National Assembly Library of Thailand บริจาค   ว TX 911 พ877ก 2555 3961193032 09/06/2017 09/06/2017 Research/Thesis
หอสมุดรัฐสภา
สำนักงานเลขาธิการสภาผู้แทนราษฎร เลขที่ 1111 ถนนสามเสน แขวงถนนนครไชยศรี เขตดุสิต กรุงเทพฯ 10300
The Secretariat of the House of Representatives 1111 Samsen Road, Thanon Nakhon Chai Si, Dusit, Bangkok 10300, THAILAND
โทรศัพท์: +66(0) 2242 5900 ต่อ 5714-5 โทรสาร: +66(0) 2242 5990 อีเมล: [email protected]